000 00798nam0a22002651 4500
001 rc\291869
005 20250621022434.0
010 _a5-7644-0634-Х
_9200000
035 _a(NLR Aleph) 005523036
090 _a5528618
_c5528618
100 _a20030307d1990 |||y0rusy50 ca
101 0 _arus
102 _aRU
105 _ay |||||||||
200 1 _aТа, которой не стало
_fБуало, Нарсежак
_g[Пер. с фр. Л. Завьяловой]
210 _aСтаврополь
_cКн. изд-во
_d1990
215 _a96 с.
_d20
300 _aНа обл.: 3
700 1 _aБуало
_bП.
_f1906-1989
_gПьер
701 1 _aНарсежак
_bТ.
_gТома
801 0 _aRU
_bNLR
_gpsbo
801 1 _aRU
_bELAR
_2rusmarc
852 _aNLR
_j90-4/12652
942 _cBOOK
980 _aNB